MDQL
is popping MORE tags! Check the
thread
!
Quizzes
Events
Quiz Creation
Community
Videos
Private Events
Remove Ads
Sign In
Join for FREE
Feedback
Dark Mode
Quiz Categories
Sports
Geography
Music
Movies
Television
Just For Fun
Miscellaneous
History
Literature
Language
Science
Gaming
Entertainment
Religion
Holiday
For Kids
Quiz Lab
Recent
Popular Today
Quiz Kudos Today
Editor Picks
Curator Picks
Quizzes by...
Day
Popularity
Type
Ratings
Length
Year
Community
Subscriptions
Recent Discussions
Orange Saloon
Badges
Playlists
Quests
Create
Leaderboards
Showdown
Live 5
Trivia Bingo
Activity
Puzzle Library
Sporcle Events
Private Events
Virtual Trivia
Globe League
Become a Host
Pub Owners
SporcleCon
Opinionation
Our Games
Videos
Blog
Mobile Apps
Partnerships
Remove Ads and Go Orange
Feedback
Music
Pop Music
The Beatles
Song
Album
Lyrics
Bands
Singers
Artist
Clip
Rock
Rap
Classical
Billboard
Country Music
Kpop
Taylor Swift
Music
Pop Music
The Beatles
Song
Album
Lyrics
Bands
Singers
Artist
Clip
Rock
Rap
Classical
Billboard
Country Music
Kpop
Taylor Swift
Random Quiz
Search Sporcle
×
Quiz Lab
Quiz Lab
Music
Kpop
Type in answers that appear in a list
Type in answers that appear in a list
Classic
Best Score? Go Orange.
My Kpop Favorites (2020) Stats
Inspired by @minhoecstasy and @sarah_bookaholic ♡
By
JennyFranck
10m
88 Questions
269 Plays
269 Plays
269 Plays
Comments
Comments
Give Quiz Kudos
Give Quiz Kudos
-
- Ratings
hide this ad
More Info
Forced Order
Answers have to be entered in order
Answers have to be entered in order
Replay
Link that replays current quiz
Next Quiz
Link to next quiz in quiz playlist
You Got
0%
They Got
Avg Score
57%
Avg Friend Score
Upgrade to see
Score Distribution
Jump to the score distribution portion of the page
Score
0/88
Timer
10:00
0
Plays Today
Hint
Answer
% Correct
ULT GROUPS
Pentagon♡
94.1%
TOP 10 BOY GROUPS
BTS
94.1%
TOP 10 BOY GROUPS
Tomorrow x Together
92.6%
ULT GROUPS
Ateez
90.7%
TOP 10 GIRL GROUPS
Twice
87.7%
TOP 10 BOY GROUPS
Pentagon
87.4%
TOP 10 BOY GROUPS
Ateez
87%
TOP 10 GIRL GROUPS
(G)I-DLE
84%
TOP 5 SOLOISTS
Key
82.5%
TOP 10 BOY GROUPS
Monsta X
81%
TOP 5 SOLOISTS
Taeyeon
80.7%
TOP 5 MALE DANCERS
J-Hope
79.2%
TOP 5 TITLE TRACKS 2020 (GIRLS)
Blackpink
78.8%
TOP 5 SOLOISTS
Chungha
78.1%
TOP 5 BSIDES 2020 (BOYS)
BTS
77.7%
TOP 10 BOY GROUPS
Oneus
77.3%
TOP 10 GIRL GROUPS
CLC
77.3%
TOP 5 TITLE TRACKS 2020 (GIRLS)
Itzy
77.3%
TOP 10 BOY GROUPS
Day6
76.2%
TOP 5 MALE DANCERS
Taemin
76.2%
TOP 5 SOLOISTS
Sunmi
75.8%
TOP 5 FEMALE DANCERS
Momo
75.5%
TOP 5 TITLE TRACKS 2020 (GIRLS)
Everglow
74%
TOP 5 FEMALE VOCALISTS
Solar
73.6%
TOP 5 FEMALE DANCERS
Yeji
73.2%
TOP 5 TITLE TRACKS 2020 (BOYS)
Pentagon
72.1%
TOP 5 MALE RAPPERS
J-Hope
71.7%
TOP 5 MALE DANCERS
San
71.4%
TOP 5 BOY GROUP BIASES
Jongho
69.5%
TOP 5 TITLE TRACKS 2020 (BOYS)
Oneus
68.8%
Hint
Answer
% Correct
TOP 5 TITLE TRACKS 2020 (GIRLS)
Sunmi
68.8%
TOP 5 GIRL GROUP BIASES
Minnie♡♡
68.4%
TOP 5 FEMALE DANCERS
Chungha
68.4%
TOP 5 FEMALE VOCALISTS
Minnie
67.7%
TOP 5 MALE RAPPERS
Changbin
67.7%
TOP 5 FEMALE RAPPERS
Moonbyul
67.7%
TOP 5 MALE VOCALISTS
Jongho
66.9%
TOP 5 MALE VOCALISTS
Haechan
65.1%
TOP 10 BOY GROUPS
Onewe
64.7%
TOP 10 GIRL GROUPS
Loona
64.3%
TOP 5 MALE RAPPERS
I.M
64.3%
TOP 5 FEMALE DANCERS
SinB
63.9%
TOP 5 BOY GROUP BIASES
Kino
63.6%
TOP 5 MALE VOCALISTS
Hui
62.8%
TOP 5 FEMALE RAPPERS
Soyeon
62.1%
TOP 5 MALE RAPPERS
Hongjoong
60.6%
TOP 5 TITLE TRACKS 2020 (BOYS)
iKON
59.9%
TOP 5 FEMALE DANCERS
Hyoyeon
59.9%
TOP 5 MALE DANCERS
Kino
59.9%
TOP 10 BOY GROUPS
WEi
56.5%
TOP 5 MALE VOCALISTS
Jinho
55.8%
TOP 10 GIRL GROUPS
Weki Meki
55%
TOP 10 GIRL GROUPS
Cherry Bullet
53.9%
TOP 5 BOY GROUP BIASES
Jungwoo
52.8%
TOP 5 BOY GROUP BIASES
Keonhee
52.8%
TOP 10 GIRL GROUPS
Dreamcatcher
51.7%
TOP 5 GIRL GROUP BIASES
Seunghee
50.9%
TOP 5 FEMALE RAPPERS
Mimi
50.6%
TOP 5 FEMALE RAPPERS
Yeeun
50.6%
TOP 5 MALE RAPPERS
Leedo
49.4%
Hint
Answer
% Correct
TOP 10 GIRL GROUPS
BVNDIT
47.6%
TOP 5 FEMALE VOCALISTS
Siyeon
47.2%
TOP 5 FEMALE VOCALISTS
Seunghee
46.5%
ULT GROUPS
BVNDIT
46.1%
TOP 5 GIRL GROUP BIASES
Chungha
46.1%
TOP 5 GIRL GROUP BIASES
Haseul
45.4%
TOP 5 BSIDES 2020 (GIRLS)
GFriend
45.4%
TOP 5 BSIDES 2020 (BOYS)
Ateez
44.2%
TOP 5 TITLE TRACKS 2020 (GIRLS)
Nature
43.5%
TOP 5 SOLOISTS
Kim Donghan
42.4%
TOP 5 BOY GROUP BIASES
Donghan♡♡
41.3%
TOP 5 FEMALE VOCALISTS
Hyojung
41.3%
TOP 5 FEMALE RAPPERS
Yoojung
39.8%
TOP 5 MALE DANCERS
Donghan
36.8%
TOP 10 GIRL GROUPS
cignature
33.8%
TOP 5 TITLE TRACKS 2020 (BOYS)
Onewe
30.5%
TOP 5 TITLE TRACKS 2020 (BOYS)
1THE9
26.4%
TOP 5 BSIDES 2020 (BOYS)
Pentagon
26.4%
TOP 5 BSIDES 2020 (GIRLS)
Twice
26.4%
TOP 10 BOY GROUPS
The Rose
21.6%
TOP 5 MALE VOCALISTS
Yonghoon
20.8%
TOP 5 GIRL GROUP BIASES
Yiyeon
19.7%
TOP 5 BSIDES 2020 (BOYS)
Day6
19.7%
TOP 10 GIRL GROUPS
Purplebeck
16.7%
TOP 5 BSIDES 2020 (GIRLS)
Everglow
16.4%
TOP 5 BSIDES 2020 (GIRLS)
IZ*ONE
13.4%
TOP 5 BSIDES 2020 (BOYS)
WEi
9.3%
TOP 5 BSIDES 2020 (GIRLS)
Cosmic Girls
8.9%
Quiz Playlist
Details
Report
Send in Message
Add To Playlist
More Info:
should have uploaded this a long time ago, but it's finally here! :)
Classic:
Type in answers that appear in a list
Forced Order:
Answers have to be entered in order
Last Updated: Jan 16, 2021
Quiz Scoreboard
CHALLENGE
Sign Up to Join the Scoreboard
Show All
Scores
Hide
Comments
May contain spoilers
Recently Published
1-10 Letter E Words III
by El_Dandy
Language
2m
Street Fighter Characters
by Artimus82
Gaming
60s
College Basketball Coaching Resumes
by pancakes188
Sports
9m
More to Explore
Quiz From the Vault
Featured Blog Post
Where Did the Easter Bunny Come From?
hide this ad
You Might Also Like...
Tags
Kpop Quiz
Ateez
BTS
clc
Day6
(G)i-dle
Kpop Group
Kpop Idol
Kpop Quiz
oneus
pentagon
Twice
Today's Top Quizzes in Music
Browse Music
hide this ad
Today's Top Quizzes in Kpop
Browse Kpop
Top Contributed Quizzes in Music
1
Taylor Swift All Songs (2024)
2
Taylor Swift Logic Puzzle
3
Guess the Artist- 70s Songs
4
7-to-1: Billboard Hot 100 #1 Hits of 2010s
5
Sorting Albums and Songs
6
KPOP LOGIC QUIZ
7
Billboard Blitz: Aretha Franklin
8
Guess the Taylor Swift song (Mystery Song)
9
Guess The Taylor Swift Lyrics Song #1
10
Billboard Blitz: ABBA
Explore More
Trending Topics
Crossword
Harry Potter
Kpop
Marvel
Disney
NBA
Anime
Pokémon
NFL
Puzzle
Song
Country
Soccer
The Office
WWE
hide this ad
More By:
JennyFranck
Quiz
Plays
Rating
Category
Featured
Created
How many kpop groups can you name?
4,780
4.64
Music
Jun 1, 2018
Members of (G)I-DLE
2,991
5.00
Music
Jul 30, 2020
Kpop 'Most to Least' (Girl Group Version)
2,184
3.76
Music
Jun 19, 2019
Members of GOT7
1,641
4.57
Music
Jun 24, 2018
Members of BTS
1,470
5.00
Music
Jun 22, 2018
Go to Creator's Profile
Score Distribution
Quiz Creator Spotlight
JennyFranck
Follow
Send a Message
Quizzes Created
-
Created Quiz Play Count
-
More By This Creator
Popular Quizzes Today
1
Find the US States - No Outlines Minefield
2
Find the Countries of Europe - No Outlines Minefield
3
The Countries of the World
4
Find the US States
5
Risky Map Clicking: Biggest States A-Z
6
US States
7
Popular People in 1961
8
Movies - When Are They Set?
More Music Quizzes
Can You Fill Me In? 1980s Songs IV
Quiz Lab
Trending Quizzes
Risky Map Clicking: Least Populous States A-Z
1-10 Letter G Words
1-10 Letter F Words
Countries of the World: 200 Million BC
Risky Map Clicking: Next State Alphabetically
Recently Updated
Beyoncé Albums
pecheneg
Leaping Animals
pecheneg
Reality TV Shows (A-Z)
bhenderson79
Rickey Henderson's Hall of Fame Teammates
pecheneg
Champions League XIs: Arsenal
pecheneg
Quick Pick: Celebrities in WWE's Hall of Fame
aduchscher
A-Z Keypad Blitz II
pecheneg
Multiple Oscar Actors
pecheneg
Mystery Phrase Blitz: Oscar 'Best Actors'
pecheneg
F. Scott Fitzgerald Novels
LTH
Trending Topics
Disney
Harry Potter
NBA
Kpop
Marvel
Anime
Crossword
Puzzle
Country
Pokémon
Soccer
The Office
Song
NFL
WWE
Your Account Isn't Verified!
In order to create a playlist on Sporcle, you need to verify the email address you used during registration. Go to your
Sporcle Settings
to finish the process.
Report this User
Report this user for behavior that violates our
Community Guidelines
.
Details:
Send Report
Go to the Sporcle.com Mobile Site →
Comments